Trouve le temps et le mode des verbes - Statistiques

Statistiques générales
  • Ce quiz a été pris 80 fois
  • Le résultat moyen est 6 sur 15
Statistiques - réponses
Verbes conjugués Mode Temps % Correct
Je faillirai _ N D _ _ _ _ I _ Futur
73%
Elles avaient rompu _ _ D I C _ _ _ _ Plus-que-parfait
56%
Il chaut I _ _ I _ A _ _ _ Présent
56%
Ils auront clos _ _ D _ C _ _ I _ Futur antérieur
46%
On a musé I N _ I _ _ _ _ _ Passé composé
46%
Tu eusses cueilli S U _ J _ _ _ _ _ _ Plus-que-parfait
44%
Tu corrompais I _ _ _ C A _ _ _ Imparfait
42%
Nous eûmes terminé I _ _ _ _ A _ I _ Passé antérieur
42%
Zézayons _ M _ E R _ _ _ _ Présent
40%
Nous tînmes _ _ D _ _ _ T I _ Passé simple
35%
Nous implémentassions S _ _ _ _ N _ T _ _ Imparfait
31%
J'aurais craint C _ N _ _ _ _ O _ _ _ _ Passé (1ère forme)
29%
Vous abstrairiez _ _ N _ _ _ I O _ _ _ _ Présent
25%
Elle ait requis _ _ B J O _ _ _ _ _ Passé
17%
Nous absolvions S _ B _ _ _ C _ _ _ Présent
17%
Aucun quiz correspondant
Distribution des résultats
% des personnes avec chaque résultat
Percentile par nombre de réponses
Votre historique - résultats
Vous n’avez pas pris ce quiz